Travis Scott Quiz - Statistics

General Stats
  • This quiz has been taken 102 times
    82 since last reset
  • The average score is 10 of 11
Answer Stats
Hint Answer % Correct
One of his most popular songs Fein, Goosebumps, Sicko Mode
100%
2018 album Astroworld
99%
2019 collaborative album Jackboys
97%
Latest album Jackboys 2
93%
First album Rodeo
90%
His real name Jacques Bermon Webster II
86%
One of the people he got his stage name from Kid Cudi
86%
First mixtape Owl Pharaoh
86%
His daughter's name Stormi
86%
City he is from Houston
84%
Record label name Cactus Jack
80%
No matching quizzes found
Score Distribution
Percent of People with Each Score
Percentile by Number Answered
Your Score History
You have not taken this quiz since the last reset